| 000 | 00335nam a22001217a 4500 | ||
|---|---|---|---|
| 082 |
_a510 _bDAS/M |
||
| 100 | _aSHIV DAS | ||
| 245 |
_aCBSE PAST 6 YEARS QUESTION PAPERS IN MATHEMATICS _bCLASS XII |
||
| 260 |
_aDELHI _bSHIV DAS & SONS _c2015 |
||
| 300 | _a84 | ||
| 650 |
_aMATHS PREVIOUS YEAR QUESTION PAPERS FOR CLASS XII _zINDIA |
||
| 942 | _cBK | ||
| 999 |
_c644 _d644 |
||